| 000 | 01342nam a2200253Ia 4500 | ||
|---|---|---|---|
| 999 |
_c55876 _d55876 |
||
| 001 | 22974 | ||
| 003 | GE_BSU | ||
| 005 | 20230608115017.0 | ||
| 008 | 181216s||||||||xx |||||||||||||| ||und|| | ||
| 040 | _cGE_BSU | ||
| 041 | _ageo | ||
| 080 | _a821.353.1.09 ა-1 | ||
| 100 |
_aაბაშიძე, კ. _93737 |
||
| 245 |
_aეტიუდები XIX საუკუნის ქართული ლიტერატურის ისტორიიდან / _cკ. აბაშიძე ; დ. გამეზარდაშვილის რედ. და შესავ. წერილით. |
||
| 264 |
_aთბილისი : _bთბილ. უნ-ტის გამ-ბა, _c1962. |
||
| 300 |
_a452გვ. : _b1ფ. პორტრ. ; _c23 სმ |
||
| 504 | _aბიბლიოგრაფია შენიშვნებში | ||
| 520 | _aბიბლიოგრ. შენიშვნებში. | ||
| 541 | _h4 ლ. 88 თ. | ||
| 653 | _aეტიუდები XIX საუკუნის ქართული ლიტერატურის ისტორიიდან | ||
| 653 | _aქართული ლიტერატურის (XIX ს.) ისტორი | ||
| 700 |
_aგამეზარდაშვილი, დ. _eრედაქტორი _94468 |
||
| 942 |
_cBK _2udc |
||